DLR Stations. - Statistics

General Stats
  • This quiz has been taken 16 times
  • The average score is 27 of 45
Answer Stats
Stations % Correct
Bank
100%
Canary Wharf
92%
Lewisham
85%
Island garden
77%
Limehouse
77%
Mudchute
77%
Tower gateway
77%
West India quay
77%
Abby road
69%
Custom House
69%
Cutty Sark
69%
Cyprus
69%
Deptford bridge
69%
Elverson road
69%
Greenwich
69%
Poplar
69%
Shadwell
69%
Stratford
69%
Beckton
62%
Beckton park
62%
Crossharbour
62%
East India
62%
Heron quays
62%
King George V
62%
London city airport
62%
Prince regent
62%
Royal Albert
62%
Stratford high street
62%
Stratford international
62%
Westferry
62%
Canning town
54%
Star lane
54%
West silvertown
54%
Woolwich arsenal
54%
All saints
46%
Bow church
46%
Pontoon dock
46%
Pudding mill lane
46%
Royal Victoria
46%
South quay
46%
Devons road
38%
Gallion's reach
38%
West ham
38%
Langdon park
31%
Blackwell
8%
No matching quizzes found
Score Distribution
Percent of People with Each Score
Percentile by Number Answered
Your Score History
You have not taken this quiz